000 01296nam a2200337 c 4500
003 BLK
005 20210507143626.0
008 180408b bul|||||r ||||||| ||bul||
010 _aKNG00068052000
020 _a5-87849-113-3
_bиздат.: Яуза - (Яуза)
020 _a5-04-000725-6
_bиздат.: ЭКСМО-Пресс - (ЭКСМО-Пресс)
040 _aBLK
041 _aRUS
_cRUS
080 _aАмериканска литература (на САЩ)
_b821.111(73)
_x-312.9
_z821.111(73)-312.9
100 1 _aАсприн, Роберт
_eпърви автор
_9291619
139 _aАсприн, Роберт
_bА 92
245 1 0 _aШуттовской рай
_bФантаст. роман
_cРоберт Асприн.
257 _aUSA
260 Москва
_bЯуза
_bЭКСМО-Пресс
_c1998
_fТула : Тульская типогр.
300 _a352 с.
_c21 см
380 _aX
490 1 _aСерия Стальная крыса
500 _aОриг. загл. Phule's Paradise / Robert Lynn Asprin. - 25 000 тир.
653 _aфантастика
653 _aромани
852 _aЦб 207734
856 4 _qpdf
_u
856 4 _qpdf
_u
942 _cKNG
_n0
_01
944 _aCR
_c12.09.2011
_lф /
_kЛюдмила_Стоянова
944 _aED
_c28.10.2011
_lф /
_k
999 _c63793
_d63793